Эволюция звезд и галактик: курс лекций: пер. с англ.

Бібліографічні деталі
Автор: Бааде В. Вальтер
Резюме:Книга представляет собой курс лекций, прочитанных В. Бааде студентам Гарвардского университета и сотрудникам Гарвардской обсерватории (США). Тема лекций — свойства и эволюционное развитие звезд и гигантских звездных систем — галактик. Автор книги — создатель современных представлений о составе и строении звездных систем. Он в течение многих лет работал на крупнейших телескопах мира, приобрел в этом огромный опыт и собрал богатейший наблюдательный материал о звездах различных типов и строении галактик. В своих лекциях автор широко использовал полученные им результаты; часть из них еще не была им опубликована, и это придает книге особую ценность. Книга написана на высоком научном уровне и в то же время достаточно простым языком. Она будет полезна как астрономам — специалистам и студентам, — так и читателям, серьезно интересующимся астрономией, в особенности физикам, занимающимся проблемами астрофизики и космологии.
Мова:Російська
Опубліковано: Москва, УРСС, 2002
Предмети:
Формат: MixedMaterials Книга
KOHA link:https://koha.lib.tpu.ru/cgi-bin/koha/opac-detail.pl?biblionumber=82777

MARC

LEADER 00000nam0a2200000 4500
001 82777
005 20231101213242.0
010 |a 5354001889 
035 |a (RuTPU)RU\TPU\book\88956 
090 |a 82777 
100 |a 20051006d2002 m y0rusy50 ca 
101 1 |a rus  |c eng 
102 |a RU 
105 |a y j 000zy 
200 1 |a Эволюция звезд и галактик  |e курс лекций: пер. с англ.  |f В. Бааде 
210 |a Москва  |c УРСС  |d 2002 
215 |a 299 с. 
330 |a Книга представляет собой курс лекций, прочитанных В. Бааде студентам Гарвардского университета и сотрудникам Гарвардской обсерватории (США). Тема лекций — свойства и эволюционное развитие звезд и гигантских звездных систем — галактик. Автор книги — создатель современных представлений о составе и строении звездных систем. Он в течение многих лет работал на крупнейших телескопах мира, приобрел в этом огромный опыт и собрал богатейший наблюдательный материал о звездах различных типов и строении галактик. В своих лекциях автор широко использовал полученные им результаты; часть из них еще не была им опубликована, и это придает книге особую ценность. Книга написана на высоком научном уровне и в то же время достаточно простым языком. Она будет полезна как астрономам — специалистам и студентам, — так и читателям, серьезно интересующимся астрономией, в особенности физикам, занимающимся проблемами астрофизики и космологии. 
606 |a Звезды  |x Эволюция  |2 stltpush  |3 (RuTPU)RU\TPU\subj\11458  |9 38390 
606 |a Галактики  |x Происхождение  |2 stltpush  |3 (RuTPU)RU\TPU\subj\5442  |9 33519 
610 1 |a эволюция 
610 1 |a учебные пособия 
610 1 |a лекции 
610 1 |a классификация 
610 1 |a фотографирование 
610 1 |a туманность Андромеды 
610 1 |a пыль 
610 1 |a газ 
610 1 |a переменные звезды 
610 1 |a Магеллановы острова 
610 1 |a эллиптические галактики 
610 1 |a неправильные галактики 
610 1 |a галактический диск 
675 |a 524.3(075.8)  |v 3 
675 |a 524.6(075.8)  |v 3 
700 1 |a Бааде  |b В.  |g Вальтер 
801 1 |a RU  |b 63413507  |c 20051006  |g PSBO 
801 2 |a RU  |b 63413507  |c 20140214  |g PSBO 
942 |c BK